The Law School Book

Detalles Bibliográficos
Autor principal: Hutchinson, Allan C.
Formato: eBook
Lenguaje:inglés
Publicado: Toronto: Irwin Law Inc., 2000
Edición:Segunda Edicin̤
Materias:
Acceso en línea:Acceso restringido

MARC

LEADER 00000nam a22000007a 4500
005 20210908220836.0
007 cr|||| ||||
008 210908s2000 ca |||||s|||| 00||0 eng d
020 |a 9781552210017 
035 |a 35373 
040 |a vLex 
090 |c 12337  |d 12337 
100 1 |a Hutchinson, Allan C. 
245 1 3 |a The Law School Book  |h [Recurso electrn̤ico] /  |c Allan C. Hutchinson 
250 |a Segunda Edicin̤ 
256 |a Servicio en ln̕ea 
260 |a Toronto:  |b Irwin Law Inc.,  |c 2000 
300 |a 1 recurso electrn̤ico 
506 1 |a Disponible solo en los productos indicados  |d vLex Global  |d vLex Global (Academic Edition, excluding Law Schools)  |d vLex Global (U.S. Academic Edition, Law Schools)  |d vLex Global (U.S. Academic Edition, excluding Law Schools)  |d vLex Global (Academic Edition, Law Schools) 
650 0 4 |a Educacin̤  |z Canad̀ 
740 0 |a vLex Libros (Servicio en ln̕ea) 
856 4 0 |u https://app.vlex.com/#/sources/35373  |z Acceso restringido 
942 |c BOOK 
999 0 |a Education